| 000 | 00599nam a22002417a 4500 | ||
|---|---|---|---|
| 003 | OSt | ||
| 005 | 20140310182939.0 | ||
| 008 | 130201t xxu||||| |||| 00| 0 eng d | ||
| 020 | _a9715131611 | ||
| 050 |
_aKPM 1079 _b.R63 2001 |
||
| 100 | _aRobles, Gonzalo. | ||
| 245 |
_aPhilippine nursing law : _b jurisprudence and ethics / _cGonzalo Robles |
||
| 260 |
_aManila : _bProfessionals, _c2001. |
||
| 300 |
_axxii, 516 p. : _c23 cm. |
||
| 521 | _aNUR | ||
| 562 | _e5 | ||
| 942 |
_2lcc _cBK _kLOC |
||
| 999 |
_c17675 _d17675 |
||